Upkars UGC NET/JRF/SET: Management (Paper III) (Record no. 215295)

MARC details
000 -LEADER
fixed length control field 00504nam a2200169Ia 4500
008 - FIXED-LENGTH DATA ELEMENTS--GENERAL INFORMATION
fixed length control field 210719s2011 xx 000 0 und d
041 ## - LANGUAGE CODE
Language code of text/sound track or separate title eng
082 ## - DEWEY DECIMAL CLASSIFICATION NUMBER
Classification number 658.002 KOLU
100 ## - MAIN ENTRY--PERSONAL NAME
Personal name KOLI (L N);KOLI (Prem)
245 ## - TITLE STATEMENT
Title Upkars UGC NET/JRF/SET: Management (Paper III)
260 ## - PUBLICATION, DISTRIBUTION, ETC.
Place of publication, distribution, etc. Agra
Name of publisher, distributor, etc. Upkar Prakashan.
Date of publication, distribution, etc. 2011
300 ## - PHYSICAL DESCRIPTION
Extent viii,647
Other physical details PB
365 ## - TRADE PRICE
Price amount 420
Currency code Rs
650 ## - SUBJECT ADDED ENTRY--TOPICAL TERM
Topical term or geographic name entry element Management Entrance
650 ## - SUBJECT ADDED ENTRY--TOPICAL TERM
Topical term or geographic name entry element Management Entrance
906 ## - LOCAL DATA ELEMENT F, LDF (RLIN)
a (Paper ; III) ; Management ; NET/JRF/SET: ; UGC ; Upkars
Holdings
Withdrawn status Lost status Damaged status Not for loan Collection code Home library Current library Date acquired Source of acquisition Cost, normal purchase price Total Checkouts Full call number Barcode Date last seen Price effective from Koha item type
          St Aloysius Library St Aloysius Library 04/15/2011 School Book Company, Mangalore. | General Annual 420.00   658.002 KOLU D03912 07/19/2021 07/19/2021 Donated Books